| 000 | 00384nam a2200157Ia 4500 | ||
|---|---|---|---|
| 999 |
_c12429 _d12429 |
||
| 003 | OSt | ||
| 005 | 20200617092929.0 | ||
| 008 | 190722s9999 xx 000 0 und d | ||
| 020 | _a978-969-407-414-6 | ||
| 040 | _cMAJU | ||
| 100 | _aDr. Asrar H. Siddiqi | ||
| 245 | 0 | _aBankers' Practical Advances | |
| 260 |
_aKarachi _bRoyal Book Company _c2013 |
||
| 300 | _a408 | ||
| 942 |
_cBK _2ddc |
||